Looming Large (Record no. 83095)

MARC details
000 -LEADER
fixed length control field 00740cab a22002055a 4500
001 - CONTROL NUMBER
control field L152792
008 - FIXED-LENGTH DATA ELEMENTS--GENERAL INFORMATION
fixed length control field 110428e20110326xxk 000 0 eng d
035 ## - SYSTEM CONTROL NUMBER
System control number (Sirsi) u152792
041 0# - LANGUAGE CODE
Language code of text/sound track or separate title eng
100 1# - MAIN ENTRY--PERSONAL NAME
Personal name Reynolds, Dawn
245 00 - TITLE STATEMENT
Title Looming Large
260 ## - PUBLICATION, DISTRIBUTION, ETC.
Date of publication, distribution, etc. 2011
490 ## - SERIES STATEMENT
Series statement Estates Gazette
Volume/sequential designation (1112) 26 March 2011, 108-109(2)
520 ## - SUMMARY, ETC.
Summary, etc. Post lease events and their effect on the level of damages a landlord can recover. Covers the relevant date for damages to be assessed and common events such as redevelopment and reinstatement. First of two articles.
590 ## - LOCAL NOTE (RLIN)
Local note KA
651 #4 - SUBJECT ADDED ENTRY--GEOGRAPHIC NAME
Geographic name United Kingdom
Chronological subdivision
690 ## - LOCAL SUBJECT ADDED ENTRY--TOPICAL TERM (OCLC, RLIN)
Topical term or geographic name as entry element PROPERTY-LEASEHOLD PROPERTY-LANDLORD AND TENANT-DILAPIDATIONS
700 1# - ADDED ENTRY--PERSONAL NAME
Personal name Gilbert, David
942 ## - ADDED ENTRY ELEMENTS (KOHA)
Suppress in OPAC 0
Holdings
Withdrawn status Lost status Source of classification or shelving scheme Damaged status Not for loan Home library Current library Shelving location Date acquired Total Checkouts Full call number Barcode Date last seen Copy number Price effective from Koha item type
    Dewey Decimal Classification     London London Journal article 28/04/2011   L152792 152792-1001 06/08/2019 1 06/08/2019 Journal article